Aristotle Metaphysics Books Z and H
Сохранить в:
| Главный автор: | |
|---|---|
| Формат: | Неизвестно |
| Язык: | английский |
| Опубликовано: |
Oxford, United Kingdom.
Clarendon Press,
1994
|
| Серии: | Clarendon Aristotle Series
|
| Предметы: | |
| Метки: |
Добавить метку
Нет меток, Требуется 1-ая метка записи!
|
MARC
| LEADER | 00000 a2200000 4500 | ||
|---|---|---|---|
| 003 | CL-VaPUC | ||
| 005 | 20210913105303.0 | ||
| 008 | 200127b ||||| |||| 00| 0 eng d | ||
| 999 | |c 376541 |d 376539 | ||
| 020 | |a 0198239475 | ||
| 040 | |c Pontificia Universidad Católica de Valparaíso | ||
| 082 | |a 185 BOS 1994 | ||
| 100 | |a Bostock, David |9 608538 | ||
| 245 | |a Aristotle Metaphysics Books Z and H | ||
| 260 | |c 1994 |a Oxford, United Kingdom. |b Clarendon Press, | ||
| 300 | |a 301 páginas | ||
| 490 | 0 | |a Clarendon Aristotle Series | |
| 583 | |k Angelica Casaletti Loyola |c 20200127 | ||
| 650 | 0 | 0 | |a Filosofía |9 223554 |
| 650 | 0 | 0 | |a Filosofía antigua |9 255705 |
| 650 | 0 | 0 | |a Metafísica |9 265649 |
| 650 | 0 | 0 | |a Ontología |9 256850 |
| 650 | 0 | 0 | |a Naturaleza humana |9 308593 |
| 651 | 0 | |a Grecia |9 265314 | |
| 942 | |2 ddc |c BK | ||
| 952 | |0 0 |1 0 |2 ddc |4 0 |6 185_000000000000000_BOS_1994 |7 0 |8 A |9 513783 |a BIBEDU |b BIBEDU |d 2020-01-24 |e 1 |g 67748.00 |i 5573106 |o 185 BOS 1994 |p 5573106 |r 2020-01-24 |t 1 |v 67748.00 |w 2020-01-24 |y BK |k FIL | ||